| 000 | 00000nam##2200000za#4500 |
| 001 | 9.696885 |
| 003 | CaOODSP |
| 005 | 20210624235232 |
| 007 | cr ||||||||||| |
| 008 | 150407|1998||||xxc|||||o f|0| 0 eng|d |
| 040 | |aCaOODSP|beng |
| 043 | |an-cn--- |
| 086 | 1 |aFs1-61/4-1997E-PDF |
| 110 | 1 |aCanada.|bDepartment of Fisheries and Oceans. |bFisheries Resource Conservation Council. |
| 245 | 10|a1998 Conservation requirements for the Gulf of St. Lawrence groundfish stocks and cod stocks in divisions 2GH, 2J3KL, 3Ps, 4VsW and witch flounder in division 3Ps : |h[electronic resource]|breport to the Minister of Fisheries and Oceans |
| 260 | |aOttawa - Ontario : |bFisheries and Oceans Canada. |cMarch 1998. |
| 300 | |a71p.|bgraphs, illus. (some coloured), maps |
| 500 | |aThe catalogue number (Fs1-61/4-1997E) and ISBN (0-662-26284-0) for the print edition have been incorrectly copied in this electronic publication. |
| 590 | |a12-43-Supp|b2012-12-07 |
| 690 | 07|aFisheries management|2gcpds |
| 690 | 07|aFisheries resources|2gcpds |
| 775 | 08|tImpératifs de conservation des stocks de poisson de fond du golfe du Saint-Laurent et des stocks de morue de 2GH, 2J3KL, 3Ps, 4VsW et de la plie grise de 3Ps : |w(CaOODSP)9.640970 |
| 776 | 0#|t1998 conservation requirements for the Gulf of St. Lawrence groundfish stocks and cod stocks in divisions 2GH, 2J3KL, 3Ps, 4VsW and witch flounder in division 3Ps |w(CaOODSP)9.646764 |
| 856 | 40|ahttp://publications.gc.ca|qPDF|s557 KB|uhttps://publications.gc.ca/collections/Collection/Fs1-61-4-1997E.pdf |
| 986 | |aFRCC.98.R.1 |